00736nam a2200205 a 450000100100000000500170001000800410002704000250006808200130009324500870010626000440019330000210023749000280025850400320028670000350031883000340035304900090038795201170039699900170051300002497020200930023500.0110201s1968 xxu r 000 0 spa d aDO-SdBNPbspacBNPHU ann*bnn*00aRobert Lowell :ba collection of critical essays /cedición de Thomas Parkinson. aEstados Unidos :bPrentice-Hall,c1968. a176 p. ;c20 cm.1 aTwentieth century views aBibliografía : 175-176 p.1 aParkinson, Thomas,eed.951242 0aTwentieth century views99814 aBNGR 001054708MOaGRbGRcCTd2011-02-08iLF1l0onn* nn*p24970-10r2020-06-25w2020-06-25y4ZPréstamo en sala c24463d24463